| 000 | 00699cam a2200253 4500 | ||
|---|---|---|---|
| 008 | 000000n1999 000 0 eng u | ||
| 020 | _a0854069372 | ||
| 035 | _a(Sirsi) u100012 | ||
| 041 | _aENG | ||
| 110 |
_aRoyal Institution of Chartered Surveyors _94900 |
||
| 245 | _aThink profit act property | ||
| 260 |
_bRICS _c1999 |
||
| 300 | _a23p, ill. ; 30cm. | ||
| 520 | _aIncludes case studies | ||
| 650 | _aREAL ESTATE PRACTICE | ||
| 650 | _aPROPERTY PORTFOLIOS | ||
| 650 | _aINVESTMENT | ||
| 650 | _aPROPERTY STRATEGY | ||
| 690 | _aCOMMERCIAL PROPERTY-MANAGEMENT | ||
| 700 | _aEvans, Michael | ||
| 700 | _aWeatherhead, Marion | ||
| 710 | _aCorporate Occupiers Group | ||
| 942 | _n0 | ||
| 999 |
_c99549 _d99549 |
||